000 00239 a2200097 4500
001 13254
100 _aBasu, R.
245 _aImplementing Quality: A Practical Guide to Tools and Techniques
260 _a
_bThomson
_c
090 _c10246
_d10246
942 _aNUST-CAE
_cM
_c277
999 _c248327
_d248327